OSMANLIDA TAHT KAVGALARI VE HANEDAN İÇİ KIYIMLAR (Record no. 1102207)
[ view plain ]
| 000 -LEADER | |
|---|---|
| sabit uzunluktaki kontrol alanı | 00288nam a2200097Ia 4500 |
| 001 - KONTROL NUMARASI | |
| kontrol alanı | 1102207 |
| 005 - EN SON İŞLEMİN TARİH VE ZAMANI | |
| kontrol alanı | 20250827003317.0 |
| 008 - SABİT-UZUNLUKTA VERİ ÖĞELERİ--GENEL BİLGİ | |
| sabit uzunluktaki kontrol alanı | 250824s9999 xx 000 0 und d |
| 245 #0 - ESER / YAZAR | |
| ESER ADI | OSMANLIDA TAHT KAVGALARI VE HANEDAN İÇİ KIYIMLAR |
| Yazar Adı | AHMET HALDUN TERZİOĞLU |
| 260 ## - YAYIN, DAĞITIM, VB. | |
| YAYIN EVİ | PANAMA YAYINLARI |
| Düşüm durumu | Kayıp durumu | Hasar Durumu | Ödünç verilmez | Ana kütüphane | Geçerli Kütüphane | Edinilen tarih | Toplam ödünç verme sayısı | Barkod | Son görüntüleme tarihi | Fiyatın geçerli olmaya başladığı tarih | Koha materyal türü |
|---|---|---|---|---|---|---|---|---|---|---|---|
| DOLAPOĞLU ANADOLU LİSESİ | DOLAPOĞLU ANADOLU LİSESİ | 24.08.2025 | 108874 | 27.08.2025 | 27.08.2025 | Books |